00751nam a2200169 i 450000100060000000300090000600500170001500700030003200800410003524502270007626000470030330000220035070000400037285200310041299900170044395201210046071725ES-MaACL20230906171218.0t|040817s1951 sp ||||1| spa d00aGestión económico-administrativa local b: conforme a la Ley de Régimen Local, de 16 de diciembre de 1950 : haciendas locales : sentido local y nacional de los Ayuntamientos / cAntonio Basanta Santa-Cruz...[et al.]. aCuenca : b[s.n., c1951] (fImp. Moderna) a131 p. ; c22 cm.1 aBasanta Santa-Cruz, Antonio.926248 aES-MaACLjD-5353 bR.31384 c71725d71725 00104070aATENEOMbATENEOMcSVId2008-01-17eSCl0oD-5353p901075090r2023-02-23 00:00:00w2023-02-23yMONOGRAFIA